Herrschaftliche Einflußnahmen in ländlichen Rechtsquellen des Gebietes zwischen Rhein, Main und Neckar, insbesondere des Amtes Starkenburg

Bibliographische Detailangaben
Veröffentlicht in:Herrschaftliches Strafen seit dem Hochmittelalter. - Köln : Böhlau, 2002. - (2002), Seite [355] - 381
1. Verfasser: Hägermann, Melanie Julia (VerfasserIn)
Format: Aufsatz
Sprache:German
Veröffentlicht: 2002
Zugriff auf das übergeordnete Werk:Herrschaftliches Strafen seit dem Hochmittelalter
Umfang:S. [355] - 381
LEADER 01000caa a22002652c 4500
001 1167065751
003 DE-627
005 20220524113623.0
007 tu
008 020214s2002 xx ||||| 00| ||ger c
035 |a (DE-627)1167065751 
035 |a (DE-576)097065757 
035 |a (DE-599)BSZ097065757 
040 |a DE-627  |b ger  |c DE-627  |e rakwb 
041 |a ger 
100 1 |a Hägermann, Melanie Julia  |e verfasserin  |0 (DE-627)1254770259  |0 (DE-576)184770254  |4 aut 
245 1 0 |a Herrschaftliche Einflußnahmen in ländlichen Rechtsquellen des Gebietes zwischen Rhein, Main und Neckar, insbesondere des Amtes Starkenburg  |c Melanie Hägermann 
264 1 |c 2002 
300 |a S. [355] - 381 
336 |a Text  |b txt  |2 rdacontent 
337 |a ohne Hilfsmittel zu benutzen  |b n  |2 rdamedia 
338 |a Band  |b nc  |2 rdacarrier 
773 0 8 |i In  |t Herrschaftliches Strafen seit dem Hochmittelalter  |d Köln : Böhlau, 2002  |g (2002), Seite [355] - 381  |h VII, 438 S.  |w (DE-627)338483403  |w (DE-576)094020256  |z 3412086010  |7 nnam 
773 1 8 |g year:2002  |g pages:[355] - 381 
912 |a GBV_USEFLAG_U 
912 |a GBV_ILN_2002 
912 |a ISIL_DE-21-24 
912 |a SYSFLAG_1 
912 |a GBV_KXP 
912 |a GBV_ILN_21 
912 |a GBV_ILN_22 
912 |a GBV_ILN_24 
912 |a GBV_ILN_31 
912 |a GBV_ILN_40 
912 |a GBV_ILN_50 
912 |a GBV_ILN_60 
912 |a GBV_ILN_62 
912 |a GBV_ILN_65 
912 |a GBV_ILN_69 
912 |a GBV_ILN_70 
912 |a GBV_ILN_72 
912 |a GBV_ILN_100 
912 |a GBV_ILN_121 
912 |a GBV_ILN_131 
912 |a GBV_ILN_176 
912 |a GBV_ILN_179 
912 |a GBV_ILN_285 
912 |a GBV_ILN_350 
912 |a GBV_ILN_698 
912 |a GBV_ILN_813 
912 |a GBV_ILN_2001 
912 |a GBV_ILN_2003 
912 |a GBV_ILN_2004 
912 |a GBV_ILN_2005 
912 |a GBV_ILN_2006 
912 |a GBV_ILN_2007 
912 |a GBV_ILN_2011 
912 |a GBV_ILN_2012 
912 |a GBV_ILN_2016 
912 |a GBV_ILN_2020 
912 |a GBV_ILN_2021 
912 |a GBV_ILN_2037 
912 |a GBV_ILN_2041 
912 |a GBV_ILN_2046 
912 |a GBV_ILN_2056 
912 |a GBV_ILN_2178 
912 |a GBV_ILN_2321 
912 |a GBV_ILN_2453 
912 |a GBV_ILN_2178 
912 |a ISIL_DE-Wh1 
951 |a AR 
952 |j 2002  |h [355] - 381 
980 |2 2002  |1 01  |x DE-21-24  |b 240741926X  |c 00  |f --%%--  |d In: J,IIGc,198  |e p  |j --%%--  |y l01  |z 14-02-02 
980 |2 2178  |1 01  |x DE-Wh1  |b 2786659655  |c 00  |f --%%--  |d --%%--  |e --%%--  |j --%%--  |y l01  |z 11-03-14 
983 |2 2002  |1 01  |x DE-21-24  |8 00  |a In: J,IIGc,